000
00313nam a22001337a 4500
008
171018b xxu||||| |||| 00| 0 eng d
020
_a
9780070067578
041
_a
eng
080
_a
338
100
_a
53
101
_a
MEN
245
_a
STRATEGIC MARKETING CHANELL MANAGEMENT
_c
BOWERSOX.D.J
942
_2
udc
_c
BK
999
_c
34692
_d
34692